Zenless Zone Zero Characters - Statistiques

Statistiques générales
  • Ce quiz a été pris 154 fois
  • Le résultat moyen est 25 sur 32
Statistiques - réponses
Characters % Correct
Ben Bigger
90%
Nicole Demara
87%
Von Lycaon
87%
Anby Demara
86%
Ellen Joe
86%
Hoshimi Miyabi
86%
Belle
85%
Billy Kid
85%
Jane Doe
85%
Nekomiya Mana
85%
Wise
84%
Grace Howard
82%
Astra Yao
81%
Corin Wickes
81%
Evelyn Chevalier
81%
Luciana de Montefio
81%
Alexandrina Sebastiane
80%
Anton Ivanov
80%
Burnice White
80%
Lighter
77%
Seth Lowell
77%
Zhu Yuan
77%
Tsukishiro Yanagi
75%
Asaba Harumasa
73%
Trigger
72%
Caesar King
69%
Piper Wheel
69%
Soldier 11
69%
Soukaku
69%
Qingyi
67%
Pulchra Fellini
53%
Koleda Belobog
43%
Aucun quiz correspondant
Distribution des résultats
% des personnes avec chaque résultat
Percentile par nombre de réponses
Votre historique - résultats
Vous n’avez pas pris ce quiz